Bordering Germany on a Map Quiz Stats

Quiz Updated Jul 14, 2016

Challenge
Share
Tweet
Score 0/9 Timer 01:30
2 Plays Today
% Correct
France
96.7%
Poland
94.8%
Denmark
94.2%
Belgium
94%
Netherlands
93.6%
Austria
93.2%
Switzerland
92%
Luxembourg
90.9%
Czechia
87.5%

You're not logged in!

Compare scores with friends on all Sporcle quizzes.
Join for Free
OR
Log In

You Might Also Like...

Show Comments

Extras

Top Quizzes Today


Score Distribution

Your Account Isn't Verified!

In order to create a playlist on Sporcle, you need to verify the email address you used during registration. Go to your Sporcle Settings to finish the process.

Report this User

Report this user for behavior that violates our Community Guidelines.

Details: